| 000 | 00925nab a2200289 a 4500 | ||
|---|---|---|---|
| 005 | 20220910063647.0 | ||
| 008 | 991125s1985 mx 000 0 spa u | ||
| 035 | _aUPN01000197182 | ||
| 049 | _aART-E | ||
| 100 | 1 | _aSelfa, Moises | |
| 100 | 1 | _umselfa@didesp.udl.cat | |
| 222 |
_aOCNOS : _bREVISTA DE ESTUDIOS SOBRE LECTURA |
||
| 245 | _aPoesía en castellano para la educación primaria : algunas seduencias prácticas de trabajo con textos poéticos | ||
| 260 | _aEspaña | ||
| 300 | _a27-53 | ||
| 362 | 0 | _a2013, No. 10 | |
| 653 | 0 | _aFOMENTO A LA LECTURA | |
| 650 | 0 | 7 |
_aPoesía infantil _2 _91259 |
| 653 | 0 | _aCOMPRENSION LECTORA | |
| 653 | 0 | _aCOMPETENCIAS LECTORAS | |
| 700 | 1 |
_aAzevedo, Fernando, _ecoaut. |
|
| 700 | 1 | _ufraga@ie.uninho.pt | |
| 856 | 1 | _uhttp://www.revista.uclm.es/index.php/ocnos/article/view/232/329 | |
| 905 | _aArticulo | ||
| 338 | _arecurso en linea | ||
| 999 |
_c169283 _d169283 |
||